=LDR 00000nam 2200000 4500 =001 INLIS000000000029962 =005 20200916125658 =035 ##$$a 0010-061300000029962 =008 200916################g##########0#ind## =041 ##$$a Ind =082 ##$$a 304.202 6 =090 ##$$a 304.202 6, per p =245 ##$$a Perencanaan pembangunan hukum nasional bidang lingkungan hidup /$c Prof. Dr. Koesnadi Hardjoemantri, SH., M.L.[et.al] =260 ##$$a Jakarta :$b Badan Pembinaan Hukum Nasional,$c 2007 =300 ##$$a xv, 198 hlm, ; $c 21 x 15 cm. =650 #4$$a Ekologi Manusia-Hukum =850 ##$$a NBPNMAT =084 ##$$a 304.202 6 PER p =700 #$$a Hardjoemantri, Koesnadi =990 ##$$a 30802301